000 00671nam a2200289Ia 4500
005 20260324133901.0
008 008 260324s9999 xx 000 0 eng d
020 _a9781315088105
037 _aEBOOK
040 _aCRL
040 _beng
040 _cCRL
041 _2eng
041 _aeng
084 _qCRL
100 _aStan Hawkins
_91167699
245 0 _aSettling the Pop Score
245 0 _bPop Texts and Identity Politics
260 _bTaylor and Francis
260 _c2002
365 _a
365 _b230
856 _uhttp://www.taylorfrancis.com/books/9781315088105
942 _cEBOOK
999 _c1794261
_d1794261